[Event "AUT chT"]
[Site "2. Bundesliga Mitte 2003/04"]
[Date "2003.??.??"]
[Round "2"]
[White "Mohr, Georg"]
[Black "Haba, Petr"]
[Result "0-1"]
[WhiteElo "2474"]
[BlackElo "2502"]
[PlyCount "48"]
[EventDate "2003.??.??"]

1. e4 c5 2. Nf3 e6 3. c4 Nc6 4. Nc3 Nf6 5. Be2 d5 6. exd5 exd5 7. d4 Be6 8. Qa4
dxc4 9. dxc5 Bxc5 10. Ng5 Bd7 11. Nxf7 Qe7 12. Nxh8 Nb4 13. Qd1 Nd3+ 14. Kf1
Nxf2 15. Nd5 Nxd1 16. Nxe7 Nf2 17. Ng8 Nxg8 18. Rg1 Nd3 19. Bxd3 cxd3 20. Be3
Bxe3 21. Re1 O-O-O 22. Rxe3 d2 23. Ke2 Bg4+ 24. Rf3 Nh6 0-1

[Event "AUT chT"]
[Site "2. Bundesliga Mitte 2003/04"]
[Date "2003.09.??"]
[Round "2"]
[White "Nickl, Klaus"]
[Black "Petroczi, Thomas"]
[Result "1/2-1/2"]
[WhiteElo "2200"]
[BlackElo "2164"]
[PlyCount "31"]
[EventDate "2003.??.??"]

1. d4 f5 2. Nf3 Nf6 3. g3 g6 4. Bg2 Bg7 5. O-O O-O 6. c4 d6 7. d5 Na6 8. Nc3 e5
9. dxe6 Bxe6 10. Nd4 Bc8 11. Rb1 Qe7 12. Bg5 c6 13. e4 h6 14. Bxf6 Qxf6 15.
Nde2 Nc5 16. f3 1/2-1/2

[Event "AUT chT"]
[Site "2. Bundesliga Mitte 2003/04"]
[Date "2003.09.??"]
[Round "2"]
[White "Pavasovic, Dusko"]
[Black "Ruck, Robert"]
[Result "1/2-1/2"]
[WhiteElo "2596"]
[BlackElo "2550"]
[PlyCount "60"]
[EventDate "2003.??.??"]

1. e4 c6 2. d4 d5 3. Nd2 dxe4 4. Nxe4 Bf5 5. Ng3 Bg6 6. h4 h6 7. Nf3 Nd7 8. Bd3
Bxd3 9. Qxd3 e6 10. Bf4 Bb4+ 11. c3 Be7 12. Ne4 Ngf6 13. Nxf6+ Nxf6 14. O-O-O
Qd5 15. Kb1 Qe4 16. Qxe4 Nxe4 17. Be3 h5 18. Ne5 Rd8 19. Nd3 Nd6 20. Bf4 Nf5
21. g3 Bd6 22. Bg5 f6 23. Bf4 Kf7 24. Rde1 Be7 25. Kc2 Rd7 26. Bc1 Bd6 27. Rhg1
Rc8 28. Re4 c5 29. dxc5 Bxc5 30. Nxc5 Rxc5 1/2-1/2

[Event "AUT chT"]
[Site "2. Bundesliga Mitte 2003/04"]
[Date "2003.09.??"]
[Round "2"]
[White "Pilaj, Herwig"]
[Black "Heimberger, Reinhard"]
[Result "1/2-1/2"]
[WhiteElo "2343"]
[BlackElo "2301"]
[PlyCount "27"]
[EventDate "2003.??.??"]

1. e4 c5 2. Nf3 e6 3. d3 d6 4. g3 Nf6 5. Bg2 Be7 6. O-O O-O 7. c4 Nc6 8. Nc3 e5
9. h3 Nd4 10. a3 Bd7 11. b4 b6 12. Bd2 a6 13. Kh2 Bc6 14. Nxd4 1/2-1/2

[Event "AUT chT"]
[Site "2. Bundesliga Mitte 2003/04"]
[Date "2003.09.??"]
[Round "2"]
[White "Rogic, Davor"]
[Black "Gabriel, Christian"]
[Result "1/2-1/2"]
[WhiteElo "2461"]
[BlackElo "2560"]
[PlyCount "39"]
[EventDate "2003.??.??"]

1. e4 e5 2. Nf3 Nc6 3. Bb5 a6 4. Ba4 Nf6 5. O-O Be7 6. Re1 b5 7. Bb3 d6 8. c3
O-O 9. h3 Nb8 10. d4 Nbd7 11. Nbd2 Bb7 12. Bc2 Re8 13. a4 Bf8 14. Bd3 c6 15. b4
Nb6 16. axb5 axb5 17. Rxa8 Qxa8 18. Nb3 Nfd7 19. Na5 Ba6 20. Qc2 1/2-1/2

[Event "AUT chT"]
[Site "2. Bundesliga Mitte 2003/04"]
[Date "2003.09.??"]
[Round "2"]
[White "Rolletschek, Heinrich"]
[Black "Kreisl, Robert"]
[Result "1-0"]
[WhiteElo "2309"]
[BlackElo "2154"]
[PlyCount "173"]
[EventDate "2003.??.??"]

1. e4 d5 2. exd5 Qxd5 3. Nc3 Qa5 4. d4 c6 5. Nf3 Nf6 6. Bc4 Bf5 7. O-O e6 8.
Ne2 Bd6 9. Bf4 Qc7 10. Bxd6 Qxd6 11. c3 Nbd7 12. h3 O-O 13. Ng3 Bg6 14. Qe2 Nb6
15. Bb3 c5 16. Rad1 Rfd8 17. Ne5 cxd4 18. Rxd4 Qc7 19. Rfd1 Rxd4 20. Rxd4 Rd8
21. Qd2 Rxd4 22. Qxd4 a6 23. h4 Nbd7 24. Nxg6 hxg6 25. Bc2 b5 26. Ne4 Nxe4 27.
Bxe4 Qf4 28. Qxd7 Qxe4 29. Qe8+ Kh7 30. Qxf7 Qb1+ 31. Kh2 Qxa2 32. b4 Qc4 33.
h5 gxh5 34. Qxh5+ Kg8 35. Qf3 Qc7+ 36. Kh3 Qe5 37. g3 Qd6 38. g4 Qe5 39. Kg2
Qd6 40. Qe4 e5 41. Qf3 Qf6 42. Qe4 Qe6 43. f3 Kf7 44. Qd3 Qc6 45. Kf2 Qb6+ 46.
Ke2 Qe6 47. Kd2 Kf6 48. Qd8+ Kg6 49. Ke3 Qc6 50. Qd3+ Kf7 51. Qf5+ Kg8 52. Qxe5
Qb6+ 53. Ke4 Qf2 54. Qd4 Qe2+ 55. Qe3 Qc4+ 56. Qd4 Qe2+ 57. Kf4 Qh2+ 58. Kf5
Qc2+ 59. Kg5 Qc1+ 60. f4 Qh1 61. Kf5 Qc6 62. g5 Qc8+ 63. Ke5 Qc7+ 64. Ke4 Kh7
65. Qc5 Qb7+ 66. Ke5 Qb8+ 67. Qd6 Qc8 68. Kd5 Qg8+ 69. Kc6 Qc4+ 70. Kb6 Qxc3
71. Kxa6 Qc8+ 72. Kxb5 Qb8+ 73. Kc5 Qa7+ 74. Kc4 Qa2+ 75. Kb5 Qe2+ 76. Kb6 Qe3+
77. Ka6 Qe2+ 78. b5 Qa2+ 79. Kb7 Qb3 80. b6 Qf7+ 81. Kb8 Qe8+ 82. Kc7 Qf7+ 83.
Kd8 Qg8+ 84. Ke7 g6 85. Qc7 Qd5 86. Kf6+ Kh8 87. Qg7# 1-0

[Event "AUT chT"]
[Site "2. Bundesliga Mitte 2003/04"]
[Date "2003.09.??"]
[Round "2"]
[White "Sandhoefner, Florian"]
[Black "Petschar, Kurt"]
[Result "0-1"]
[WhiteElo "2247"]
[BlackElo "2272"]
[PlyCount "158"]
[EventDate "2003.??.??"]

1. e4 c5 2. Nf3 Nc6 3. d4 cxd4 4. Nxd4 e5 5. Nb5 d6 6. c4 Be7 7. N1c3 a6 8. Na3
Be6 9. Be2 Bg5 10. O-O h6 11. Nc2 Nge7 12. b3 Bxc1 13. Rxc1 O-O 14. f4 exf4 15.
Rxf4 Ng6 16. Rf1 Qg5 17. Kh1 Rad8 18. Nd4 Nh4 19. Bf3 Bh3 20. Rc2 Nxd4 21. Qxd4
Be6 22. Rd2 Rfe8 23. g3 Nxf3 24. Rxf3 b5 25. cxb5 axb5 26. Rfd3 Rc8 27. Qxd6
Qf6 28. Ne2 Qf1+ 29. Ng1 Red8 30. Qxd8+ Rxd8 31. Rxd8+ Kh7 32. Rd1 Qf2 33. R8d2
Qe3 34. Re2 Qc3 35. Rde1 b4 36. Re3 Qc2 37. R3e2 Qc6 38. Nf3 Qa8 39. Kg2 Qc8
40. Rd2 Bh3+ 41. Kf2 Bg4 42. Red1 Qc5+ 43. Rd4 Qh5 44. R1d3 Bxf3 45. Rxf3 Qxh2+
46. Ke3 Qg1+ 47. Kd3 Qd1+ 48. Ke3 Qe1+ 49. Kf4 Qc1+ 50. Ke5 Qc5+ 51. Rd5 f6+
52. Kf5 Qc8+ 53. Kf4 Qc1+ 54. Kf5 Qc8+ 55. Kf4 Qc1+ 56. Kg4 Qc2 57. Kf4 Kg6 58.
g4 Qxa2 59. Kg3 Qb1 60. Kf4 Qc1+ 61. Re3 Qf1+ 62. Kg3 Qg1+ 63. Kf3 Qh2 64. Red3
Kh7 65. Rd7 Qh1+ 66. Kf4 Qf1+ 67. Kg3 Qe2 68. R7d4 g5 69. Rd7+ Kg6 70. R7d5
Qe1+ 71. Kg2 Qe2+ 72. Kg3 Qf1 73. Rd1 Qf4+ 74. Kg2 Qxg4+ 75. Kf2 h5 76. Re1
Qf4+ 77. Ke2 Qh2+ 78. Kd3 Qh3+ 79. Re3 Qf1+ 0-1

[Event "AUT chT"]
[Site "2. Bundesliga Mitte 2003/04"]
[Date "2003.09.??"]
[Round "2"]
[White "Sandner, Wolfgang"]
[Black "Baumgartner, Heinz"]
[Result "1/2-1/2"]
[WhiteElo "2245"]
[BlackElo "2347"]
[PlyCount "75"]
[EventDate "2003.??.??"]

1. e4 e5 2. Bc4 Nf6 3. d3 Nc6 4. Nf3 Be7 5. O-O O-O 6. Re1 d6 7. c3 Na5 8. Nbd2
Nxc4 9. dxc4 b6 10. Nf1 Be6 11. Qe2 a5 12. b4 axb4 13. cxb4 Ra4 14. a3 Qa8 15.
Rb1 Qc6 16. N3d2 g6 17. Ne3 Bd8 18. Nd5 Nh5 19. Nf3 f6 20. Rb3 Qd7 21. Rd3 Ra8
22. Qd1 Qf7 23. Rc3 Kg7 24. Qd2 Kh8 25. Rd1 Rg8 26. c5 bxc5 27. bxc5 Bxd5 28.
Qxd5 Qxd5 29. exd5 Be7 30. c6 Rgb8 31. g4 Ng7 32. Ne1 f5 33. h3 Ne8 34. gxf5
gxf5 35. Nc2 f4 36. Nb4 Bh4 37. Bb2 Nf6 38. Rc4 {Rest unleserlich} 1/2-1/2

[Event "AUT chT"]
[Site "2. Bundesliga Mitte 2003/04"]
[Date "2003.??.??"]
[Round "2"]
[White "Schnider, Gert"]
[Black "Steiner, Guenter"]
[Result "1-0"]
[WhiteElo "2213"]
[BlackElo "2209"]
[PlyCount "76"]
[EventDate "2003.??.??"]

1. d4 f5 2. c4 Nf6 3. Nf3 g6 4. g3 Bg7 5. Bg2 d6 6. Nc3 O-O 7. O-O Qe8 8. d5 a5
9. Qc2 Na6 10. Be3 Ng4 11. Bd2 Nc5 12. Nb5 Qd8 13. Bc3 Bh6 14. b3 Ne4 15. Bb2
c6 16. dxc6 bxc6 17. Na3 e5 18. Bc1 g5 19. Nd2 Nxd2 20. Bxd2 Bd7 21. Rad1 Qe7
22. Bc1 Rfd8 23. Qd3 Bf8 24. h3 Nh6 25. Nb1 f4 26. Ba3 Bf5 27. Qd2 Qd7 28. Kh2
Ra6 29. Nc3 Qf7 30. Ne4 Kh8 31. Nxd6 Qh5 32. Qb2 Bxh3 33. Qxe5+ Bg7 34. Qe7
Ng4+ 35. Kg1 Rxd6 36. Bxd6 Ra8 37. Bb8 Nf6 38. Rd8+ Ng8 1-0

[Event "AUT chT"]
[Site "2. Bundesliga Mitte 2003/04"]
[Date "2003.09.??"]
[Round "2"]
[White "Smole, Albert"]
[Black "Aschenbrenner, Robert"]
[Result "0-1"]
[WhiteElo "2173"]
[BlackElo "2229"]
[PlyCount "84"]
[EventDate "2003.??.??"]

1. Nf3 Nc6 2. d4 d5 3. g3 Bg4 4. Bg2 Qd7 5. h3 Bf5 6. a3 O-O-O 7. Bf4 f6 8. h4
e6 9. Nc3 Bd6 10. Bxd6 Qxd6 11. Qd2 Nh6 12. Nh2 Kb8 13. Nb5 Qe7 14. f4 Be4 15.
e3 Bxg2 16. Qxg2 Nf5 17. Qf2 h5 18. Nf3 Nh6 19. O-O-O Ng4 20. Qd2 a6 21. Nc3
Na5 22. Qe1 Nc4 23. Rd3 Rhe8 24. e4 dxe4 25. Nxe4 e5 26. dxe5 fxe5 27. Rxd8+
Rxd8 28. Qc3 Qe6 29. fxe5 Ncxe5 30. Nxe5 Nxe5 31. Re1 Qa2 32. Nd2 Qa1+ 33. Nb1
Nc6 34. b4 Qa2 35. Qb2 Qf7 36. Nc3 Qf2 37. Rd1 Rxd1+ 38. Nxd1 Qxg3 39. Qa2 Ka7
40. Qd5 Qxa3+ 41. Nb2 Qa1+ 42. Kd2 Qxb2 0-1

[Event "AUT chT"]
[Site "2. Bundesliga Mitte 2003/04"]
[Date "2003.09.??"]
[Round "2"]
[White "Stadler, Peter"]
[Black "Titz, Heimo"]
[Result "0-1"]
[WhiteElo "2180"]
[BlackElo "2295"]
[PlyCount "66"]
[EventDate "2003.??.??"]

1. g3 Nf6 2. c4 e6 3. Nc3 d5 4. cxd5 exd5 5. Nf3 d4 6. Qa4+ Nc6 7. Nb5 Bc5 8.
Bg2 O-O 9. d3 Be6 10. O-O a6 11. Na3 h6 12. Bd2 Nd5 13. Rac1 Nb6 14. Qd1 Bxa3
15. bxa3 Bxa2 16. Bxh6 gxh6 17. Qd2 Bd5 18. Qxh6 Qd6 19. Qh4 Bxf3 20. Bxf3 Rfe8
21. Be4 Kf8 22. Rc2 Nd5 23. Bxd5 Qxd5 24. Rfc1 Qd6 25. Rc5 Rad8 26. Rh5 Ne7 27.
Rcc5 Ng6 28. Qg5 Rxe2 29. Rf5 Re1+ 30. Kg2 Re6 31. Rh7 Rd7 32. Qh6+ Ke8 33. Qg7
Qf8 0-1

[Event "AUT chT"]
[Site "2. Bundesliga Mitte 2003/04"]
[Date "2003.??.??"]
[Round "2"]
[White "Stoll, Thomas"]
[Black "Hiermann, Dietmar"]
[Result "0-1"]
[WhiteElo "2231"]
[BlackElo "2256"]
[PlyCount "66"]
[EventDate "2003.??.??"]

1. d4 Nf6 2. Nf3 g6 3. Bg5 Bg7 4. Nbd2 d5 5. e3 O-O 6. b4 c6 7. h3 Bf5 8. Ne5
Nbd7 9. g4 Be6 10. Nd3 Nb6 11. Nc5 Bc8 12. Be2 Nbd7 13. O-O Nxc5 14. bxc5 b6
15. cxb6 axb6 16. c4 dxc4 17. Bxc4 Ra5 18. Bf4 h5 19. f3 Nd5 20. Nb3 Ra7 21.
Bxd5 Qxd5 22. Qc2 Ba6 23. Rf2 Rfa8 24. Rc1 Bb7 25. Qb1 hxg4 26. hxg4 e5 27. e4
Qe6 28. Be3 exd4 29. Nxd4 Bxd4 30. Bxd4 c5 31. Be3 Qd6 32. Rd2 Qg3+ 33. Rg2
Qxf3 0-1

[Event "AUT chT"]
[Site "2. Bundesliga Mitte 2003/04"]
[Date "2003.09.??"]
[Round "2"]
[White "Stuhlik, Marko"]
[Black "Hebesberger, Thomas"]
[Result "1/2-1/2"]
[WhiteElo "2286"]
[BlackElo "2322"]
[PlyCount "29"]
[EventDate "2003.??.??"]

1. g3 c5 2. e4 Nc6 3. Bg2 g6 4. Nc3 Bg7 5. Nf3 Nh6 6. h4 d6 7. h5 Bg4 8. d3 Qd7
9. Bxh6 Bxh6 10. hxg6 hxg6 11. Qc1 Bg7 12. Rxh8+ Bxh8 13. Qh6 O-O-O 14. Ng5 Bf6
15. f3 1/2-1/2

[Event "AUT chT"]
[Site "2. Bundesliga Mitte 2003/04"]
[Date "2003.??.??"]
[Round "2"]
[White "Supancic, Darko"]
[Black "Kranzl, Peter"]
[Result "1-0"]
[WhiteElo "2377"]
[BlackElo "2246"]
[PlyCount "53"]
[EventDate "2003.??.??"]

1. Nf3 Nf6 2. d4 c5 3. c4 cxd4 4. Nxd4 e5 5. Nb5 d5 6. cxd5 Bc5 7. N5c3 O-O 8.
e3 Bf5 9. a3 a6 10. b4 Ba7 11. Bb2 Bg6 12. Be2 Re8 13. O-O e4 14. Nd2 Nxd5 15.
Ndxe4 Bxe4 16. Nxe4 Rxe4 17. Bf3 f5 18. Bxe4 fxe4 19. Qg4 Nf6 20. Qe6+ Kh8 21.
Rfd1 Qf8 22. Bxf6 gxf6 23. Qxe4 Nc6 24. Rd7 Qh6 25. Rxb7 f5 26. Qxf5 Rg8 27.
Rd1 1-0

[Event "AUT chT"]
[Site "2. Bundesliga Mitte 2003/04"]
[Date "2003.09.??"]
[Round "2"]
[White "Timoscenko, Genadij"]
[Black "Horvath, Peter"]
[Result "1/2-1/2"]
[WhiteElo "2530"]
[BlackElo "2463"]
[PlyCount "29"]
[EventDate "2003.??.??"]

1. d4 d5 2. c4 e6 3. Nf3 Nf6 4. Nc3 Bb4 5. cxd5 exd5 6. Bg5 h6 7. Bh4 g5 8. Bg3
Ne4 9. Nd2 Nxg3 10. hxg3 c5 11. a3 Bxc3 12. bxc3 Nc6 13. e3 Bf5 14. Qb3 Qd6 15.
dxc5 1/2-1/2

[Event "AUT chT"]
[Site "2. Bundesliga Mitte 2003/04"]
[Date "2003.09.??"]
[Round "2"]
[White "Zaja, Ivan"]
[Black "Mazi, Leon"]
[Result "1-0"]
[WhiteElo "2430"]
[BlackElo "2402"]
[PlyCount "59"]
[EventDate "2003.??.??"]

1. d4 Nf6 2. c4 d6 3. Nc3 e5 4. Nf3 Nbd7 5. Bg5 Be7 6. e3 O-O 7. Qc2 c6 8.
O-O-O Qa5 9. g4 Re8 10. Bxf6 Nxf6 11. g5 Bg4 12. gxf6 Bxf3 13. Rg1 Bxf6 14. Qf5
Bxd1 15. Qxf6 g6 16. Kxd1 exd4 17. Qxd4 Qh5+ 18. Ke1 Qxh2 19. Rg3 Qh5 20. Ne4
Qa5+ 21. Ke2 Rxe4 22. Qxe4 Qxa2 23. Qd4 a5 24. Kf3 a4 25. Kg2 a3 26. bxa3 Qxa3
27. Qf6 Qc5 28. Rg5 Qb4 29. Rg4 Rf8 30. Rd4 1-0

[Event "AUT chT"]
[Site "2. Bundesliga Mitte 2003/04"]
[Date "2003.??.??"]
[Round "3"]
[White "Benda, Herbert"]
[Black "Bukal, Vladimir Sr"]
[Result "1-0"]
[WhiteElo "2260"]
[BlackElo "2381"]
[PlyCount "89"]
[EventDate "2003.??.??"]

1. e4 e6 2. d3 d5 3. Nd2 Nf6 4. Ngf3 b6 5. e5 Nfd7 6. d4 c5 7. c3 Be7 8. a3 a5
9. Bd3 Ba6 10. Nf1 b5 11. Ng3 b4 12. axb4 axb4 13. Nh5 O-O 14. h4 f5 15. Nf4
Qb6 16. Ng5 Bxg5 17. hxg5 g6 18. Qf3 Rf7 19. Be3 bxc3 20. bxc3 Bxd3 21. Rxa8
Ba6 22. Qd1 Qb7 23. Rxb8+ Qxb8 24. Nxe6 Qb2 25. Qd2 Qb1+ 26. Qc1 Qb5 27. Nf4
cxd4 28. e6 Rf8 29. Bxd4 Re8 30. f3 Nc5 31. Kf2 Nxe6 32. Nxe6 Qe2+ 33. Kg3 Qxe6
34. Qf4 Bc4 35. Ra1 Qe7 36. Ra7 Qe1+ 37. Kh2 Re7 38. Ra8+ Re8 39. Ra7 Re7 40.
Ra8+ Re8 41. Rxe8+ Qxe8 42. Qc7 Qf7 43. Qc8+ Qf8 44. Qe6+ Qf7 45. Qe5 1-0

[Event "AUT chT"]
[Site "2. Bundesliga Mitte 2003/04"]
[Date "2003.??.??"]
[Round "3"]
[White "Bukal, Vladimir Jr"]
[Black "Manca, Federico"]
[Result "1/2-1/2"]
[WhiteElo "2381"]
[BlackElo "2358"]
[PlyCount "55"]
[EventDate "2003.??.??"]

1. d4 d5 2. c4 e6 3. Nc3 c5 4. cxd5 exd5 5. Nf3 Nc6 6. g3 Nf6 7. Bg2 Be7 8. O-O
O-O 9. Bg5 cxd4 10. Nxd4 h6 11. Be3 Re8 12. Rc1 Bg4 13. Nxc6 bxc6 14. Na4 Qd7
15. f3 Bf5 16. Rf2 Qe6 17. Bc5 Bd8 18. Rc3 Bb6 19. Qc1 Nd7 20. Bxb6 Nxb6 21.
Nxb6 axb6 22. Rxc6 Rec8 23. Rxc8+ Rxc8 24. Qf4 g5 25. Qd4 Rc4 26. Qd2 Rc2 27.
Qd4 Rc4 28. Qd2 1/2-1/2

[Event "AUT chT"]
[Site "2. Bundesliga Mitte 2003/04"]
[Date "2003.??.??"]
[Round "3"]
[White "Butunoi, Alexandru"]
[Black "Timoscenko, Genadij"]
[Result "1/2-1/2"]
[WhiteElo "2412"]
[BlackElo "2530"]
[PlyCount "24"]
[EventDate "2003.??.??"]

1. e4 e5 2. Bc4 Nf6 3. d3 c6 4. Qe2 Be7 5. Nf3 O-O 6. O-O d6 7. h3 a5 8. a3 Na6
9. Rd1 Nc5 10. Nbd2 Be6 11. c3 Bxc4 12. Nxc4 Nb3 1/2-1/2

[Event "AUT chT"]
[Site "2. Bundesliga Mitte 2003/04"]
[Date "2003.??.??"]
[Round "3"]
[White "Ceschia, Ivano"]
[Black "Hellmayr, Alois"]
[Result "0-1"]
[WhiteElo "2376"]
[BlackElo "2256"]
[PlyCount "78"]
[EventDate "2003.??.??"]

1. e4 c5 2. Nf3 e6 3. c4 b6 4. Nc3 Bb7 5. d4 cxd4 6. Nxd4 d6 7. Bd3 Nf6 8. O-O
Nbd7 9. Qe2 Ne5 10. Bc2 Rc8 11. b3 Be7 12. Bb2 O-O 13. f4 Nc6 14. Nxc6 Bxc6 15.
e5 dxe5 16. fxe5 Nd7 17. Ne4 Bxe4 18. Qxe4 g6 19. Rad1 Qc7 20. h4 b5 21. h5
bxc4 22. hxg6 fxg6 23. bxc4 Rxf1+ 24. Kxf1 Rf8+ 25. Ke2 Nc5 26. Qg4 Kg7 27. Rh1
Bd8 28. Bd4 Rf7 29. Qh3 Kf8 30. Qe3 Nd7 31. Bxg6 Qxc4+ 32. Bd3 Qxa2+ 33. Kd1
Bb6 34. Qh6+ Ke7 35. Qg5+ Ke8 36. Qg8+ Rf8 37. Qxh7 Qa4+ 38. Ke1 Qxd4 39. Qg6+
Kd8 0-1

[Event "AUT chT"]
[Site "2. Bundesliga Mitte 2003/04"]
[Date "2003.??.??"]
[Round "3"]
[White "Dervishi, Erald"]
[Black "Zaja, Ivan"]
[Result "0-1"]
[WhiteElo "2495"]
[BlackElo "2430"]
[PlyCount "95"]
[EventDate "2003.??.??"]

1. e4 e5 2. Nf3 Nc6 3. Bb5 Nf6 4. O-O Nxe4 5. d4 Nd6 6. Bxc6 dxc6 7. dxe5 Nf5
8. Qxd8+ Kxd8 9. Nc3 Ne7 10. Ne4 h6 11. Bf4 Ng6 12. Bg3 Be7 13. Rad1+ Ke8 14.
Nd4 Bd7 15. Rfe1 c5 16. Nb3 b6 17. Nf6+ gxf6 18. exf6 Be6 19. fxe7 Rc8 20. Nd2
Kxe7 21. h4 h5 22. Ne4 f6 23. Nc3 c6 24. Rd6 Nf8 25. Ne4 Rg8 26. Rd3 c4 27.
Bd6+ Kf7 28. Rf3 Nh7 29. Bg3 Rcd8 30. Nd6+ Ke7 31. Rfe3 Nf8 32. Nxc4 Rg4 33. b3
Rgd4 34. Nb2 Kf7 35. Nd3 R8d7 36. Nf4 Bf5 37. Nxh5 Ng6 38. c3 Rd2 39. Rf3 Rd1
40. Rxd1 Rxd1+ 41. Kh2 Ne7 42. Bb8 Rd8 43. Bxa7 Rh8 44. Ng3 Bg4 45. Rf4 Rxh4+
46. Kg1 Ng6 47. Rc4 Ne5 48. Re4 0-1

[Event "AUT chT"]
[Site "2. Bundesliga Mitte 2003/04"]
[Date "2003.??.??"]
[Round "3"]
[White "Ebner, Hubert"]
[Black "Heimberger, Reinhard"]
[Result "1/2-1/2"]
[WhiteElo "2256"]
[BlackElo "2301"]
[PlyCount "78"]
[EventDate "2003.??.??"]

1. d4 d5 2. c4 e6 3. Nf3 c6 4. Nbd2 Nf6 5. g3 Be7 6. Bg2 O-O 7. O-O Nbd7 8. Qc2
b6 9. e4 dxe4 10. Nxe4 Nxe4 11. Qxe4 Bb7 12. Rd1 Nf6 13. Qc2 Qc8 14. c5 Rd8 15.
Bd2 Nd5 16. Rac1 Qc7 17. b4 Rac8 18. a3 Bf6 19. Bg5 a5 20. Bxf6 Nxf6 21. Ne5
axb4 22. axb4 Nd5 23. cxb6 Qxb6 24. Qc5 Qxc5 25. bxc5 Ba6 26. Ra1 Bb5 27. Ra3
f6 28. Nf3 Rc7 29. Re1 Kf7 30. Bh3 Re7 31. Bf1 Nc7 32. Rb1 Bxf1 33. Kxf1 Nb5
34. Ra6 Rc7 35. Rb4 Rd5 36. Rc4 h5 37. h4 Kg6 38. Ke2 Kf5 39. Ke3 Rd8 1/2-1/2

[Event "AUT chT"]
[Site "2. Bundesliga Mitte 2003/04"]
[Date "2003.??.??"]
[Round "3"]
[White "Fauland, Alexander"]
[Black "Titz, Heimo"]
[Result "1/2-1/2"]
[WhiteElo "2404"]
[BlackElo "2295"]
[PlyCount "41"]
[EventDate "2003.??.??"]

1. d4 Nf6 2. c4 e6 3. Nf3 b6 4. g3 Ba6 5. b3 Bb7 6. Bg2 Bb4+ 7. Bd2 a5 8. O-O
O-O 9. Qc2 d6 10. Nc3 Nbd7 11. Rfe1 Bxc3 12. Bxc3 Be4 13. Qb2 c6 14. Bh3 b5 15.
Nd2 b4 16. Nxe4 Nxe4 17. Bd2 Nxd2 18. Qxd2 Qc7 19. Rac1 c5 20. Red1 Rfd8 21.
Bg2 1/2-1/2

[Event "AUT chT"]
[Site "2. Bundesliga Mitte 2003/04"]
[Date "2003.??.??"]
[Round "3"]
[White "Glek, Igor"]
[Black "Mohr, Georg"]
[Result "1-0"]
[WhiteElo "2566"]
[BlackElo "2474"]
[PlyCount "69"]
[EventDate "2003.??.??"]

1. e4 e5 2. Nf3 Nc6 3. Bb5 Nf6 4. d3 d6 5. c3 Be7 6. Nbd2 O-O 7. Nf1 a6 8. Ba4
b5 9. Bb3 Na5 10. Bc2 c5 11. Ng3 Re8 12. O-O Bb7 13. Nf5 Bf8 14. Re1 h6 15. Bd2
c4 16. d4 Kh7 17. d5 Bc8 18. b4 cxb3 19. axb3 Nb7 20. b4 Bxf5 21. exf5 Qd7 22.
g4 Nxd5 23. g5 f6 24. Nh4 Ne7 25. Qh5 d5 26. Kh1 Nd6 27. gxh6 gxh6 28. Rg1 Rac8
29. Rg6 Nxg6 30. Qxg6+ Kh8 31. Qxf6+ Bg7 32. Qg6 Ne4 33. Bxe4 dxe4 34. f6 Bf8
35. f7 1-0

[Event "AUT chT"]
[Site "2. Bundesliga Mitte 2003/04"]
[Date "2003.??.??"]
[Round "3"]
[White "Grafenberger, Dieter"]
[Black "Eichert, Wolfgang"]
[Result "0-1"]
[WhiteElo "1868"]
[BlackElo "2168"]
[PlyCount "62"]
[EventDate "2003.??.??"]

1. e4 c5 2. Nf3 Nc6 3. Bb5 g6 4. Bxc6 bxc6 5. O-O Bg7 6. d3 d6 7. Nc3 Rb8 8. h3
e5 9. Rb1 Ne7 10. Bg5 h6 11. Bxe7 Qxe7 12. Ne2 O-O 13. Ng3 Be6 14. b3 Kh7 15.
Nh2 d5 16. Qe2 f5 17. exf5 gxf5 18. f4 e4 19. dxe4 dxe4 20. Qh5 Rbd8 21. Rbd1
Rd5 22. Rxd5 cxd5 23. Ne2 d4 24. g4 Qf7 25. Qh4 d3 26. cxd3 exd3 27. Ng3 Bd4+
28. Kg2 Bd5+ 29. Nf3 fxg4 30. Qxg4 Rg8 31. Qh4 Bf6 0-1

[Event "AUT chT"]
[Site "2. Bundesliga Mitte 2003/04"]
[Date "2003.??.??"]
[Round "3"]
[White "Horvath, Csaba"]
[Black "Ruck, Robert"]
[Result "1/2-1/2"]
[WhiteElo "2513"]
[BlackElo "2550"]
[PlyCount "33"]
[EventDate "2003.??.??"]

1. d4 Nf6 2. c4 g6 3. Nc3 d5 4. Nf3 Bg7 5. cxd5 Nxd5 6. e4 Nxc3 7. bxc3 c5 8.
Rb1 O-O 9. Be2 cxd4 10. cxd4 Qa5+ 11. Bd2 Qxa2 12. O-O b6 13. Qc1 Bb7 14. Bc4
Qa4 15. Bb5 Qa2 16. Bc4 Qa4 17. Bb5 1/2-1/2

[Event "AUT chT"]
[Site "2. Bundesliga Mitte 2003/04"]
[Date "2003.??.??"]
[Round "3"]
[White "Kormann, Werner"]
[Black "Kreisl, Robert"]
[Result "1/2-1/2"]
[WhiteElo "2117"]
[BlackElo "2154"]
[PlyCount "83"]
[EventDate "2003.??.??"]

1. Nf3 Nf6 2. c4 g6 3. g3 Bg7 4. Bg2 d5 5. d4 c6 6. cxd5 cxd5 7. O-O Ne4 8. Ne5
Nd7 9. f3 Nd6 10. f4 Nb6 11. Nc3 Be6 12. e4 Nxe4 13. Nxe4 dxe4 14. Bxe4 Bd5 15.
Bd3 a6 16. Be3 e6 17. Rc1 O-O 18. b3 Qd6 19. Qd2 Rac8 20. Rc5 Nd7 21. Rxc8 Rxc8
22. Rc1 Rc7 23. Rxc7 Qxc7 24. Qc1 Qxc1+ 25. Bxc1 Nb6 26. Ba3 f6 27. Ng4 Kf7 28.
Ne3 f5 29. Nc2 Bc6 30. Kf2 Nd5 31. Bb2 Nf6 32. Ne3 Be4 33. Ke2 b5 34. a4 Bxd3+
35. Kxd3 Ne4 36. axb5 axb5 37. Ba3 h6 38. d5 g5 39. fxg5 hxg5 40. Bb4 Be5 41.
dxe6+ Kxe6 42. Nd1 1/2-1/2

[Event "AUT chT"]
[Site "2. Bundesliga Mitte 2003/04"]
[Date "2003.??.??"]
[Round "3"]
[White "Krebs, Johann"]
[Black "Baumgartner, Heinz"]
[Result "0-1"]
[WhiteElo "2304"]
[BlackElo "2347"]
[PlyCount "128"]
[EventDate "2003.??.??"]

1. d4 Nf6 2. c4 e6 3. Nf3 b6 4. g3 Ba6 5. Nbd2 d5 6. Bg2 c6 7. O-O Be7 8. Qc2
O-O 9. Rd1 Nbd7 10. b3 b5 11. a4 bxc4 12. bxc4 Rc8 13. Ba3 c5 14. dxc5 Bxc5 15.
e4 Bxc4 16. Nxc4 Nxe4 17. Nd4 Bxa3 18. Bxe4 Rxc4 19. Bxh7+ Kh8 20. Qb1 Bc5 21.
Nb3 Rb4 22. Bc2 Qb6 23. a5 Qb5 24. Qa2 Ne5 25. Rab1 f5 26. Nxc5 Qxc5 27. Rxb4
Qxb4 28. Qa1 Nc4 29. Rb1 Qxa5 30. Qxa5 Nxa5 31. Ra1 Nc6 32. Ba4 Nb8 33. Rb1 Na6
34. Rb7 Nc5 35. Rxa7 Nxa4 36. Rxa4 Kg8 37. Ra7 Rd8 38. f4 Kf8 39. Kf2 Re8 40.
Rd7 Re7 41. Rd8+ Kf7 42. h3 Kf6 43. g4 g5 44. gxf5 gxf4 45. fxe6 Ke5 46. Kf3
Rxe6 47. Rh8 Rf6 48. h4 Kd4 49. h5 Kd3 50. h6 d4 51. h7 Rf7 52. Kg2 Kd2 53. Kf3
d3 54. Kg2 Rc7 55. Kf3 Kc2 56. Kxf4 d2 57. Rd8 Rxh7 58. Rc8+ Kd1 59. Kf3 Rf7+
60. Kg2 Rf5 61. Rc7 Ke2 62. Re7+ Kd3 63. Rd7+ Ke3 64. Rd8 Rf4 0-1

[Event "AUT chT"]
[Site "2. Bundesliga Mitte 2003/04"]
[Date "2003.??.??"]
[Round "3"]
[White "Lautner, Josef"]
[Black "Groiss, Werner"]
[Result "1-0"]
[WhiteElo "2197"]
[BlackElo "2107"]
[PlyCount "51"]
[EventDate "2003.??.??"]

1. d4 Nf6 2. c4 e6 3. Nf3 d5 4. g3 Be7 5. Bg2 O-O 6. O-O dxc4 7. Ne5 Nbd7 8.
Nxc4 Nb6 9. Na5 c6 10. a3 Bd6 11. f4 Qc7 12. e4 Be7 13. b4 Bd7 14. Bb2 Rfd8 15.
Nd2 Rac8 16. Rc1 Qb8 17. g4 Ne8 18. Rc3 e5 19. fxe5 Be6 20. Rd3 Rc7 21. h3 Rcd7
22. Qc2 Nc7 23. Ndc4 Nb5 24. Rfd1 Bf8 25. Nxb6 axb6 26. Nc4 1-0

[Event "AUT chT"]
[Site "2. Bundesliga Mitte 2003/04"]
[Date "2003.??.??"]
[Round "3"]
[White "Loebler, Heimo"]
[Black "Tober, Gerhard"]
[Result "1/2-1/2"]
[WhiteElo "2216"]
[BlackElo "2278"]
[PlyCount "60"]
[EventDate "2003.??.??"]

1. b3 d5 2. Bb2 Nf6 3. Nf3 Bg4 4. e3 Nbd7 5. h3 Bxf3 6. Qxf3 e5 7. d3 Bd6 8.
Nd2 Qe7 9. a3 e4 10. Qe2 O-O 11. g3 Be5 12. d4 Bd6 13. b4 Nb6 14. c4 Nxc4 15.
Nxc4 dxc4 16. Qxc4 c6 17. Bg2 a6 18. O-O Nd5 19. Qe2 Rae8 20. Bc1 f5 21. Re1
Kh8 22. Bd2 g5 23. Rab1 Rg8 24. Qc4 Qg7 25. a4 f4 26. b5 fxg3 27. f3 axb5 28.
axb5 exf3 29. Bxf3 Qf7 30. Rf1 Qe7 1/2-1/2